000 007240000a22002290004500
090 _aAR
_b03600
245 1 0 _aStructure and organization of an amazonian forest bird community
500 _a<Colección uso y valoración>
650 1 4 _aEcología de comunidades
_93558
650 1 4 _aGremios de aves
_997280
650 1 4 _aDiversidad
_993036
650 1 4 _aBosques tropicales
_992765
651 4 _mManú
_pPerú
_992749
041 0 _aInglés
700 1 _aRobinson, Scott K.
_997281
700 1 _aParker III , Theodore A.
_997282
700 1 _aMunn, Chales A.
_997283
700 1 _aPierpont, Nina
_997284
100 1 _aTerborgh, John W.
_993358
942 _cARTICULO
773 1 _tEcological Monographs
_h2
_q213-238
_d1990
_g60
999 _c12650
_d12650